000 01059nam a2200145 4500
008 708 Z39a
020 _a9788599277058
082 _a708
_bZ39a
100 _aO. Farkas, Solange & Bogossian, Gabriel (Curaduría)
_96351
245 _aAkram Zaatari:
_bamanhã vai ficar tudo bem - tomorrow everything will be alright
260 _aSão Paulo
_bAssociação Cultural Videobrasil
_c2016
300 _a96 p.
_bill. (col)
_c15 x 21 cm
505 _tO chamado do desejoso
_rSolange O. Farkas & Gabriel Bogossian
_tCall of the desirous
_rSolange O. Farkas & Gabriel Bogossian
_tObras em video - Video works
_tVistas de exposicão - exhibition views
_tDesenhos - drawings
_tUma conversa com Akram Zaatari
_rMoacir dos Anjos
_tA conversation with Akram Zaatari
_rMoacir dos Anjos
_tNão dá para fragmentar o desejo: as motivações criativas de Akram Zaatari
_rMark R. Westmoreland
_tYou cannot partition desire: Akram Zaatari´s creative motivations
_rMark R. Westmoreland
_tColaboradores - constributors
650 _xarte contemporáneo
_xarte exhibiciones
_xvideoarte
_xartes visuales
_96352
999 _c1475
_d1475